<?xml version="1.0" encoding="UTF-8"?>
<marc:record xmlns:marc="http://www.loc.gov/MARC21/slim">
   <marc:leader>00000nam a2200000 a 4500</marc:leader>
   <marc:datafield ind1="1" ind2=" " tag="100">
      <marc:subfield code="a">Habersack, Charlotte</marc:subfield>
      <marc:subfield code="4">aut</marc:subfield>
      <marc:subfield code="e">Verfasser/-in</marc:subfield>
   </marc:datafield>
   <marc:datafield ind1=" " ind2=" " tag="653">
      <marc:subfield code="a">Kinderbuch</marc:subfield>
   </marc:datafield>
   <marc:datafield ind1=" " ind2=" " tag="653">
      <marc:subfield code="a">Junge</marc:subfield>
   </marc:datafield>
   <marc:datafield ind1=" " ind2=" " tag="653">
      <marc:subfield code="a">Erstlesebuch</marc:subfield>
   </marc:datafield>
   <marc:datafield ind1=" " ind2=" " tag="653">
      <marc:subfield code="a">Antolin Klasse-2</marc:subfield>
   </marc:datafield>
   <marc:datafield ind1=" " ind2=" " tag="653">
      <marc:subfield code="a">Erstleser2</marc:subfield>
   </marc:datafield>
   <marc:datafield ind1="0" ind2="0" tag="245">
      <marc:subfield code="a">Schleim am Bein! - Bitte nicht öffnen, sonst ... 2</marc:subfield>
   </marc:datafield>
   <marc:datafield ind1=" " ind2="1" tag="264">
      <marc:subfield code="b">Carlsen</marc:subfield>
      <marc:subfield code="c">2024</marc:subfield>
   </marc:datafield>
   <marc:datafield ind1="1" ind2=" " tag="490">
      <marc:subfield code="a">Einfach lesen lernen</marc:subfield>
   </marc:datafield>
   <marc:datafield ind1="1" ind2=" " tag="520">
      <marc:subfield code="a">Flatsch … Platsch – oh Schreck, Schleimi ist weg! Nemo, Oda und Fred haben den kleinen Schleimi aus Versehen den Abfluss runtergespült. Nun hat er sich im wilden Rohr-Wirrwarr unter Boring verirrt und versucht, die drei Freunde zu finden. Mal steckt er den Kopf aus dem Klo von Frau Fasching, mal schwimmt er zwischen den bunten Gummitieren im Hallenbad. Zack! Da hat Nemo ihn mit dem Nudelsieb gerettet … doch Schleimi zerfließt zu unzähligen Mini-Schleimen. Können die Freunde ihn wieder zusammensetzen?</marc:subfield>
   </marc:datafield>
   <marc:datafield ind1=" " ind2=" " tag="020">
      <marc:subfield code="a">9783551690470</marc:subfield>
      <marc:subfield code="9">9783551690470</marc:subfield>
   </marc:datafield>
</marc:record>
